| 000 | 00470nam a2200181Ia 4500 | ||
|---|---|---|---|
| 008 | 230711s9999||||xx |||||||||||||| ||und|| | ||
| 020 | _a978-0-07-014585-6 | ||
| 041 | _aENG | ||
| 082 |
_a005.13c _bSE-T |
||
| 100 | _aSelvi,S Thamarai | ||
| 245 | 0 | _aTest your skills in C | |
| 250 | _a2nd Ed. | ||
| 260 |
_c2009 _aNew Delhi _bMcGraw Hill Education(India) Private Limited |
||
| 300 | _a312p. | ||
| 650 | _aComputer Engineering | ||
| 700 | _aMurugesan, R | ||
| 942 | _cBK | ||
| 999 |
_c6404 _d6404 |
||